| 000 | 01302cab a2200229 4500 | ||
|---|---|---|---|
| 001 | ABS68456 | ||
| 008 | 041123n2004 000 0 eng u | ||
| 035 | _a(Sirsi) u128089 | ||
| 100 | _aJohnston, B. | ||
| 245 | _aConsultants survey | ||
| 260 | _c2004 | ||
| 490 |
_aPlanning (for the Natural and Built Environment) _v(1595) 12 November 2004, 13-33(11) |
||
| 520 | _aDiscusses the results of a recent survey of planning consultants. Reports on planning consultancy growth in 2004 in terms of fees sector by sector, ranks consultancies by number of chartered town planners employed in UK offices and by fee earning capacity. Lists major employers of women and student planners. Identifies main planning teams in the UK regions with an in-depth map of the southeast region. Lists high earning UK planning consultancies by planning income in total and by individual sector providing details of planning fee income, total fee income and average planning income. Concludes with a list of client profiles for high earning planning consultancies. Tables. | ||
| 590 | _aABS | ||
| 650 | _aRANKINGS | ||
| 650 | _aPLANNING CONSULTANTS | ||
| 650 | _aTOWN PLANNERS | ||
| 650 | _aFEE EARNERS | ||
| 650 | _aINCOME | ||
| 690 | _aENVIRONMENTAL AND LAND CONSULTANCY-PLANNING AND DEVELOPMENT | ||
| 942 | _n0 | ||
| 999 |
_c74621 _d74621 |
||